000 00422nam a2200181Ia 4500
005 20250423101317.0
008 250422s9999 xx 000 0 und d
020 _a9780872899230
050 _aP 92 .T73/
100 _aTrager, Robert
245 4 _aThe law of journalism & mass communication
250 _a2nd ed.
260 _aWashington
260 _bCQ Press
260 _c2010
300 _a754 p
942 _cBK
999 _c35932
_d35932